LEADER 01442nam a22003011i 4500 001 991001493649707536 005 20030117152718.0 008 030117s1986 it a 001 0 ita 020 $a8806596594 035 $ab1215491x-39ule_inst 035 $aARCHE-024471$9ExL 040 $aDip.to Filologia Ling. e Lett.$bita$cA.t.i. Arché s.c.r.l. Pandora Sicilia s.r.l. 082 04$a709.45 100 1 $aVasari, Giorgio$037469 245 13$aLe vite de' piu eccellenti architetti, pittori, et scultori italiani, da Cimabue insino a' tempi nostri :$bnell'edizione per i tipi di Lorenzo Torrentino, Firenze 1550 /$cGiorgio Vasari ; a cura di Luciano Bellosi e Aldo Rossi ; presentazione di Giovanni Previtali 260 $aTorino :$bG. Einaudi,$c1986 300 $aLXV, 1037 p. :$bill. ;$c22 cm. 440 2$aI millenni 500 $aIn custodia. 700 1 $aBellosi, Luciano 700 1 $aRossi, Aldo <1934- > 907 $a.b1215491x$b02-04-14$c01-04-03 912 $a991001493649707536 945 $aLE008 FL.M. (f.r.) XXII B 152$g1$i2008000512354$lle008$o-$pE0.00$q-$rl$s- $t0$u6$v3$w6$x0$y.i12484908$z01-04-03 945 $aLE002 Coll. 4.38$g1$i2002000107008$lle002$o-$pE0.00$q-$rn$so $t0$u0$v0$w0$x0$y.i12492139$z02-04-03 996 $aVite de' piu eccellenti architetti, pittori, et scultori italiani, da Cimabue insino a' tempi nostri$9146730 997 $aUNISALENTO 998 $ale008$ale002$b01-04-03$cm$da $e-$fita$git $h3$i1 LEADER 01962oas 2200673 a 450 001 9910893065003321 005 20260218112142.0 035 $a(DE-599)ZDB2392075-0 035 $a(OCoLC)190845510 035 $a(CONSER) 2013240124 035 $a(CKB)991042730687688 035 $a(DE-599)2392075-0 035 $a(EXLCZ)99991042730687688 100 $a20080116a19899999 uy 101 0 $aspa 135 $aurun||||||||| 181 $ctxt$2rdacontent 182 $cc$2rdamedia 183 $acr$2rdacarrier 200 00$aAlazet $erevista de filologi?a 210 $aHuesca $cInstituto de Estudios Altoaragoneses$d1989- 311 08$a0214-7602 311 08$a2445-0588 606 $aSpanish philology$vPeriodicals 606 $aSpanish language$zSpain$zHuesca (Province)$vPeriodicals 606 $aSpanish language$zSpain$zAragon$vPeriodicals 606 $aSpanish language$2fast$3(OCoLC)fst01128292 606 $aSpanish philology$2fast$3(OCoLC)fst01128644 606 $aFilologie$2gtt 606 $aSpaans$2gtt 606 $aDialecten$2gtt 607 $aSpain$zAragon$2fast$1https://id.oclc.org/worldcat/entity/E39QbtfRvCgMRdthDHqGw8t9rY 607 $aSpain$zHuesca (Province)$2fast$1https://id.oclc.org/worldcat/entity/E39PBJrKQ3Bw7qqd3gTt6jDyVC 608 $aPeriodicals.$2fast 615 0$aSpanish philology 615 0$aSpanish language 615 0$aSpanish language 615 7$aSpanish language. 615 7$aSpanish philology. 615 17$aFilologie. 615 17$aSpaans. 615 17$aDialecten. 712 02$aInstituto de Estudios Altoaragoneses 801 0$bOCLCS 801 1$bOCLCS 801 2$bOCLCS 801 2$bHEBIS 801 2$bOCLCQ 801 2$bIXA 801 2$bOCLCF 801 2$bOCLCA 801 2$bOCLCQ 801 2$bOCLCO 801 2$bOCLCA 801 2$bOCLCL 906 $aJOURNAL 912 $a9910893065003321 996 $aAlazet$91940001 997 $aUNINA